• 首页
  • 本馆介绍
  • 公告通知
  • 最新文献
  • 馆藏检索
  • 电子资源
  • 读者导购
  • 参考咨询
  • 我的图书馆
  • 登录
  • 详细信息显示
  • 放入我的书架
  • 预约/预借图书
  • 作者相关作品
  • 分类相关作品
  • 丛书相关作品
  • 出版社相关作品

书目信息

  • 表格格式
  • 工作单格式
  • 卡片格式
题名:
王船山诗文集
    
 
作者: 程瞻庐 著
分册: 下  
出版信息: 长春   吉林文史出版社  1986
页数: 945页
开本: 19cm
丛书名: 晚清民国小说研究丛书
单 册:
中图分类: I246.4 , I211
科图分类:
主题词: 章回小说--中国--现代 , 文学--作品集--中国
电子资源:
ISBN:
000 00715nam2 2200265 45
001 1571100473
005 20150125091950.60
010    @dCNY2.65
100    @a19951106d1986 em y0chiy0121 ea
101 0  @achi
102    @aCN@b220000
105    @ay z 000yy
200 10 @a王船山诗文集@h下@Awang chuan shan shi wen ji@f程瞻庐著
210    @a长春@c吉林文史出版社@d1986
215    @a945页@d19cm
225 2  @a晚清民国小说研究丛书
410  0 @120010@a晚清民国小说研究丛书
606    @a章回小说@y中国@z现代
606 0  @a文学@x作品集@x中国
690    @aI246.4@v3
690    @aI211@v4
701  0 @a程瞻庐@4著@Acheng zhan lu
801  0 @aCN@bTSSF@c20150125
801  2 @aCN@bNLC
905    @aZUCC@dI211@eJY123:2
    
    王船山诗文集.下/程瞻庐著.-长春:吉林文史出版社,1986
    945页;19cm.-(晚清民国小说研究丛书)
    
    
    ISBN :CNY2.65
    
●
相关链接 在E读中查询图书 在五车中查询图书 在当当中查询图书 在豆瓣中查询图书


正题名:王船山诗文集     索取号:I211/JY123:2         预约/预借

序号 登录号 条形码 馆藏地/架位号 状态 备注
1 7836624   278366242   学院路分馆/ [索取号:I211/JY123:2] 在馆    
2 7855287   278552870   学院路分馆/ [索取号:I211/JY123:2] 在馆    
唐山师范学院图书馆 欢迎您!
大连网信软件有限公司© 版权所有